000 00627cam a2200241 4500
001 J104871
008 000000n1998 000 0 eng u
035 _a(Sirsi) u104871
041 _a711.1
110 _aCountry Landowners' Association
_92816
245 _aTelecommunications towers
250 _a2nd ed.
260 _aLondon
_bCLA
_c1998
300 _a31p. ; 21cm.
350 _a15.00
490 _aCLA Advisory Handbook
_vA1/98
650 _aTELECOMMUNICATIONS MAST
650 _aRADIO TRANSMITTERS
650 _aMOBILE PHONES
650 _aCOUNTRYSIDE
690 _aPLANNING LAW AND PRACTICE
942 _n0
999 _c100299
_d100299